Peronismo : (Record no. 10924)
[ view plain ]
| 000 -LEADER | |
|---|---|
| fixed length control field | 00596 #a2200205 #4500 |
| 005 - DATE AND TIME OF LATEST TRANSACTION | |
| control field | 20250509125848.0 |
| 008 - FIXED-LENGTH DATA ELEMENTS--GENERAL INFORMATION | |
| fixed length control field | |
| 082 14 - DEWEY DECIMAL CLASSIFICATION NUMBER | |
| Edition number | 14 |
| Classification number | 324.2 |
| 100 1# - MAIN ENTRY--PERSONAL NAME | |
| Personal name | Gazzera, Miguel |
| 9 (RLIN) | 21474 |
| 245 10 - TITLE STATEMENT | |
| Title | Peronismo : |
| Remainder of title | autocrítica y perspectiva / |
| Statement of responsibility, etc | Miguel Gazzera y Norberto Ceresole |
| 260 ## - PUBLICATION, DISTRIBUTION, ETC. (IMPRINT) | |
| Place of publication, distribution, etc | Buenos Aires: |
| Name of publisher, distributor, etc | Descartes, |
| Date of publication, distribution, etc | 1970 |
| 300 ## - PHYSICAL DESCRIPTION | |
| Extent | 316 p. |
| 650 27 - SUBJECT ADDED ENTRY--TOPICAL TERM | |
| Topical term or geographic name as entry element | DEMOCRACIA |
| 9 (RLIN) | 740 |
| Source of heading or term | unescot |
| 650 27 - SUBJECT ADDED ENTRY--TOPICAL TERM | |
| Topical term or geographic name as entry element | PARTIDO POLITICO |
| 9 (RLIN) | 1665 |
| Source of heading or term | unescot |
| 650 24 - SUBJECT ADDED ENTRY--TOPICAL TERM | |
| Topical term or geographic name as entry element | PERONISMO |
| 9 (RLIN) | 553 |
| 651 27 - SUBJECT ADDED ENTRY--GEOGRAPHIC NAME | |
| 9 (RLIN) | 326 |
| Geographic name | ARGENTINA |
| Source of heading or term | unescot |
| 700 1# - ADDED ENTRY--PERSONAL NAME | |
| Personal name | Ceresole, Norberto |
| 9 (RLIN) | 21475 |
| 942 ## - ADDED ENTRY ELEMENTS (KOHA) | |
| Source of classification or shelving scheme | Dewey Decimal Classification |
| Item type | Libro, folleto, traducción |
| 980 ## - EQUIVALENCE OR CROSS-REFERENCE-SERIES STATEMENT--PERSONAL NAME/TITLE [LOCAL, CANADA] | |
| Field link and sequence number | 19226 |
| Miscellaneous information | Palazón Marcela I. |
| Linkage | 19226 |
| Personal name | Palazón Marcela I. |
| Withdrawn status | Lost status | Source of classification or shelving scheme | Damaged status | Not for loan | Home library | Current library | Date acquired | Total Checkouts | Full call number | Barcode | Date last seen | Copy number | Price effective from | Koha item type |
|---|---|---|---|---|---|---|---|---|---|---|---|---|---|---|
| Dewey Decimal Classification | Biblioteca Central | Biblioteca Central | 09/05/2025 | 324.2 GAZ | UNAJ25050005 | 09/05/2025 | 1 | 09/05/2025 | Libro, folleto, traducción |